| 000 | 00364nam a22001577a 4500 | ||
|---|---|---|---|
| 003 | OSt | ||
| 008 | 231114b |||||||| |||| 00| 0 eng d | ||
| 041 | _aeng | ||
| 082 |
_a828.09 _bTRA / AP |
||
| 100 |
_aTraversi, DA _95623 |
||
| 245 | _aApproach to Shakespeare | ||
| 250 | _a2nd | ||
| 260 |
_aGlasgow, _bSands & Co, _c1938. |
||
| 300 | _a304pages. | ||
| 942 | _cBK | ||
| 999 |
_c17845 _d17845 |
||